A History of the Ideas of Theoretical Physics : Essays on the Nineteenth and Twentieth Century Physics /

Through the study of the ideas of the great fathers of theoretical physics, such as Ampère, Weber, Helmholtz, Maxwell, Boltzmann, Einstein, Schrödinger, et al., this book affords an improved understanding of modern physics. My main field of interest concerns the physicists' conceptions of the m...

Full description

Bibliographic Details
Main Author: D'Agostino, Salvo
Corporate Author: SpringerLink (Online service)
Format: eBook
Language:English
Published: Dordrecht : Springer Netherlands, 2000.
Series:Boston studies in the philosophy of science ; 213.
Subjects:
Online Access:Connect to the full text of this electronic book

MARC

Tag First Indicator Second Indicator Subfields
LEADER 00000cam a2200000Mi 4500
001 in00003577721
006 m o d
007 cr mnu---uuaaa
008 121227s2000 ne o 000 0 eng
005 20260422195545.7
020 |a 9789401090346 (electronic bk.) 
020 |a 9401090343 (electronic bk.) 
020 |z 9781402002441 
020 |z 1402002440 
035 |a (OCoLC)851369309 
040 |a AU@  |b eng  |c AU@  |d OCLCQ  |d OCLCO  |d GW5XE  |d OCLCF  |d UtOrBLW 
049 |a TXAM 
050 4 |a QC6.9 
050 4 |a QC5.53 
072 7 |a PDX  |2 bicssc 
072 7 |a SCI055000  |2 bisacsh 
072 7 |a SCI034000  |2 bisacsh 
082 0 4 |a 530.01  |2 23 
100 1 |a D'Agostino, Salvo. 
245 1 2 |a A History of the Ideas of Theoretical Physics :  |b Essays on the Nineteenth and Twentieth Century Physics /  |c by Salvo D'Agostino. 
264 1 |a Dordrecht :  |b Springer Netherlands,  |c 2000. 
300 |a 1 online resource (400 pages) 
336 |a text  |b txt  |2 rdacontent 
337 |a computer  |b c  |2 rdamedia 
338 |a online resource  |b cr  |2 rdacarrier 
490 1 |a Boston Studies in the Philosophy of Science,  |x 0068-0346 ;  |v 213 
520 |a Through the study of the ideas of the great fathers of theoretical physics, such as Ampère, Weber, Helmholtz, Maxwell, Boltzmann, Einstein, Schrödinger, et al., this book affords an improved understanding of modern physics. My main field of interest concerns the physicists' conceptions of the methods and nature of science. In my view, innovative conceptions contributed to important achievements in theoretical physics. Dissenting from the historiography of the linear development of scientific ideas, I duly underline the fact that, in the passage from nineteenth-century electrodynamics to theoretical physics, the process of mathematization varied remarkably, ranging from Ampère's and Weber's algebraization to Maxwell's attention to mathematical analogies and dimensional analysis, not to mention Einstein's non-Euclidean approach to general relativity and the via-operators formulation of quantum theory. I describe how, in the same period of time, physicists modified their ideas on the theory-experiment relationship, as shown, for example, by Hertz's theoretical holism, and by Boltzmann's discrediting of crucial experiments. I report a large number of not easily available quotations from primary sources in the history of physics and of references to the recent secondary literature. As such, this book will prove a useful addition to the culture of modern scientists and philosophers, and it could be influential in orienting teachers towards new approaches to teaching physics at undergraduate and graduate levels. It is aimed at historians of physics, epistemologists, professors of physics, PhD candidates in history of science, undergraduate and graduate students in history of physics and of science, and, last but not least, the cultured lay general reader. 
500 |a Electronic resource. 
650 0 |a Physics. 
650 0 |a Science  |x Philosophy. 
650 0 |a History. 
650 7 |a Physics.  |2 fast  |0 (OCoLC)fst01063025 
650 7 |a Science  |x Philosophy.  |2 fast  |0 (OCoLC)fst01108336 
655 7 |a Electronic books.  |2 local 
655 7 |a History.  |2 fast  |0 (OCoLC)fst01411628 
710 2 |a SpringerLink (Online service) 
776 1 8 |i Print version:  |z 9781402002441 
830 0 |a Boston studies in the philosophy of science ;  |v 213. 
856 4 0 |u http://proxy.library.tamu.edu/login?url=https://link.springer.com/10.1007/978-94-010-9034-6  |z Connect to the full text of this electronic book  |t 0 
994 |a 92  |b TXA 
999 |a MARS 
999 f f |s 904251c9-36af-3f34-926b-11443093038e  |i ab9d31cf-e930-332f-a238-4c2cb713c3d8  |t 0 
952 f f |a Texas A&M University  |b College Station  |c Electronic Resources  |s www_evans  |d Available Online  |t 0  |e QC5.53  |h Library of Congress classification 
998 f f |a QC5.53  |t 0  |l Available Online